000 00644nam a2200217Ia 4500
003 0100
008 130303s9999 xx 000 0 und d
040 _cARRUPELIB
050 _aB3279.H49G36 2000
100 _aGeorge, Vensus
245 4 _aThe experience of being as goal of human existence
245 _bthe Heideggerian approach
260 _aWashington, D.C.
260 _bThe Council for Research in Values and Philosophy
260 _C2000
300 _a279p.
300 _b 23 cm
440 _aCulture heritage and contemporary change series IIIB. Central Asia; v.2
650 _bLocal government--Kenya
942 _2lcc
_01
999 _c60864
_d60864